| 000 | 00410nam a2200157Ia 4500 | ||
|---|---|---|---|
| 003 | GCL | ||
| 008 | 140319s9999 xx 000 0 eng d | ||
| 040 |
_aGCL / _cGCL |
||
| 082 | 0 | 4 |
_a758.1 _bB B |
| 100 | 1 | _aBENINGFIFLD, GORDON | |
| 245 | 1 | 0 |
_aBENINGFIEKD'S COUNTRYSIDE / _cBENINGFIFLD, GORDON |
| 260 |
_a[S.N] : _bVIKING PRESS ، _c1985 |
||
| 300 | _a141 | ||
| 650 | 0 | 4 | _aLANDSCAPE PAINTINGS |
| 942 |
_2ddc _cBK |
||
| 999 |
_c24159 _d24159 |
||